Market marches past lending milestone (Record no. 65539)

MARC details
000 -LEADER
fixed length control field 01069cam a2200229 4500
001 - CONTROL NUMBER
control field WB3648-09
008 - FIXED-LENGTH DATA ELEMENTS--GENERAL INFORMATION
fixed length control field 000000n2000 000 0 eng u
035 ## - SYSTEM CONTROL NUMBER
System control number (Sirsi) u109839
245 ## - TITLE STATEMENT
Title Market marches past lending milestone
260 ## - PUBLICATION, DISTRIBUTION, ETC.
Date of publication, distribution, etc. 2000
490 ## - SERIES STATEMENT
Series statement EuroProperty
Volume/sequential designation December 2000/January 2001, 17(1)
520 ## - SUMMARY, ETC.
Summary, etc. Bank of England data indicates that the UK property market has reached another milestone. During the first 3Qs of 2000 lending to the property industry from regulated banks reached a record £51.7bn. This equals the last peak in the market in 1989, and DTZ Research predicts lending will reach £75bn by the end of 2000. However, suggests there are few fears among UK industry players that the banks are once again fuelling an unhealthy 1980-style development boom. Graphs.
590 ## - LOCAL NOTE (RLIN)
Local note WB
650 ## - SUBJECT ADDED ENTRY--TOPICAL TERM
Topical term or geographic name entry element BANK OF ENGLAND
650 ## - SUBJECT ADDED ENTRY--TOPICAL TERM
Topical term or geographic name entry element DTZ
650 ## - SUBJECT ADDED ENTRY--TOPICAL TERM
Topical term or geographic name entry element LENDING BANKERS
650 ## - SUBJECT ADDED ENTRY--TOPICAL TERM
Topical term or geographic name entry element DEVELOPMENT
650 ## - SUBJECT ADDED ENTRY--TOPICAL TERM
Topical term or geographic name entry element FINANCE
650 ## - SUBJECT ADDED ENTRY--TOPICAL TERM
Topical term or geographic name entry element BANK LENDING
690 ## - LOCAL SUBJECT ADDED ENTRY--TOPICAL TERM (OCLC, RLIN)
Topical term or geographic name as entry element PROPERTY-COMMERCIAL PROPERTY-COMMERCIAL PROPERTY MARKET
942 ## - ADDED ENTRY ELEMENTS (KOHA)
Suppress in OPAC 0
Holdings
Withdrawn status Lost status Source of classification or shelving scheme Damaged status Not for loan Home library Current library Shelving location Date acquired Total Checkouts Full call number Barcode Date last seen Copy number Price effective from Koha item type
    Dewey Decimal Classification     London London News article 06/12/2000   WB3648-09 109839-1001 06/08/2019 1 06/08/2019 News article